Central Library OPAC University of Rajshahi

Architecture through the ages / (Record no. 76554)

MARC details
000 -LEADER
fixed length control field 00792cam a2200265 a 4500
001 - CONTROL NUMBER
control field 76554
003 - CONTROL NUMBER IDENTIFIER
rucl marc code BD-RjUL
005 - DATE AND TIME OF LATEST TRANSACTION
control field 20211209082847.0
008 - FIXED-LENGTH DATA ELEMENTS--GENERAL INFORMATION
fixed length control field 191219s1940 nyuae 001 0 eng d
035 ## - SYSTEM CONTROL NUMBER
System control number (BD-RjUL)76778
System control number 237850
040 ## - CATALOGING SOURCE
Original cataloging agency VDU
Language of cataloging eng
Transcribing agency VDU
041 ## - LANGUAGE CODE
Language code of text/sound track or separate title eng
082 04 - DEWEY DECIMAL CLASSIFICATION NUMBER
Classification number 720.9
Edition number 21
Author mark and year HAA 1940
100 1# - MAIN ENTRY--PERSONAL NAME
Personal name Hamlin, Talbot,
Dates associated with a name 1889-1956.
9 (RLIN) 236667
245 10 - TITLE STATEMENT
Title Architecture through the ages /
Statement of responsibility, etc. by Talbot Hamlin.
260 ## - PUBLICATION, DISTRIBUTION, ETC. (IMPRINT)
Place of publication, distribution, etc. New York :
Name of publisher, distributor, etc. Putnam,
Date of publication, distribution, etc. c1940.
300 ## - PHYSICAL DESCRIPTION
Pagination xlvii, 680 p., [90] p. of plates :
Illustrations ill., plans ;
Size 24 cm.
500 ## - GENERAL NOTE
General note Includes illustration references.
504 ## - BIBLIOGRAPHY, ETC. NOTE
Bibliography, etc Includes bibliographical references and index.
650 #0 - SUBJECT ADDED ENTRY--TOPICAL TERM
Topical term or geographic name as entry element Architecture
General subdivision History.
9 (RLIN) 236668
942 ## - ADDED ENTRY ELEMENTS (KOHA)
Source of classification or shelving scheme Dewey Decimal Classification
Koha item type Books
Holdings
Lost status Source of classification or shelving scheme Damaged status Not for loan Collection code Permanent Location Current Location Shelving location Date acquired Source of acquisition Total Checkouts Full call number Date last seen Copy number Koha item type
  Dewey Decimal Classification   Not For Loan Non-fiction Central Library, University of Rajshahi Central Library, University of Rajshahi Reading Room 13/02/1958 USIS Dhaka   720.9 HAA 1940 19/12/2019 C-1 Books